| 000 | 00000nam##2200000za#4500 |
| 001 | 9.534760 |
| 003 | CaOODSP |
| 005 | 20210615083639 |
| 007 | ta |
| 008 | 150406|1998||||xxc||||| f|0| 0 eng|d |
| 040 | |aCaOODSP|beng |
| 041 | |aeng |
| 041 | |afre |
| 043 | |an-cn--- |
| 086 | 1 |aNH14-1/0385 |
| 110 | 2 |aCanada Mortgage and Housing Corporation. |
| 245 | 10|aHousing choice and adaptability for African refugees / |cThe Canadian African Newcomer Aid Centre, Toronto (Ontario). Compiled by Word-Works Communications Services. |
| 260 | |aOttawa - Ontario : |bCanada Mortgage and Housing Corporation |c1998. |
| 300 | |aEnglish text, ii, 17p. : |billus. ; |c28 cm. |
| 490 | 1 |aAffordability and Choice Today (ACT) regulatory reform project|v0385 |
| 546 | |aBilingual |
| 563 | |aSoftcover |
| 590 | |a01-05|b2001-02-02 |
| 690 | 07|aSubsidized housing|2gcpds |
| 690 | 07|aImmigrants|2gcpds |
| 690 | 07|aRefugees|2gcpds |
| 776 | 0#|tHousing choice and adaptability for African refugees / |w(CaOODSP)9.573395 |
| 776 | 0#|tChoix et adaptabilité des logements destinés aux réfugiés africains / |w(CaOODSP)9.603564 |
| 792 | |tChoix et adaptabilité des logements destinés aux réfugiés africains / |efre|w(CaOODSP)9.534761 |
| 830 | #0|aAffordability and Choice Today (ACT) regulatory reform project ;|v0385|w(CaOODSP)9.509540 |
| 986 | |aPB 0385 |